Le cinéma français des années 1990 (notice n° 1925967)
[ vue normale ]
| 000 -LEADER | |
|---|---|
| fixed length control field | 00707cam a2200133 4500500 |
| 005 - DATE AND TIME OF LATEST TRANSACTION | |
| control field | 20260329023255.0 |
| 041 ## - LANGUAGE CODE | |
| Language code of text/sound track or separate title | fre |
| 042 ## - AUTHENTICATION CODE | |
| Authentication code | dc |
| 100 10 - MAIN ENTRY--PERSONAL NAME | |
| Personal name | Prédal, René |
| Relator term | author |
| 245 00 - TITLE STATEMENT | |
| Title | Le cinéma français des années 1990 |
| 260 ## - PUBLICATION, DISTRIBUTION, ETC. | |
| Name of publisher, distributor, etc. | Armand Colin,<br/> |
| Date of publication, distribution, etc. | 2008.<br/> |
| 520 ## - SUMMARY, ETC. | |
| Summary, etc. | - Une étude portant un regard critique sur l’ensemble de la production française de la période aussi bien sur les films dits d’auteurs que sur les productions plus commerciales, plus grand public.- Un livre-bilan sur une période très riche de la production cinématographique nationale |
| 856 41 - ELECTRONIC LOCATION AND ACCESS | |
| Uniform Resource Identifier | <a href="https://shs.cairn.info/le-cinema-francais-des-annees-1990--9782200354534?lang=fr&redirect-ssocas=7080">https://shs.cairn.info/le-cinema-francais-des-annees-1990--9782200354534?lang=fr&redirect-ssocas=7080</a> |
Pas d'exemplaire disponible.




Réseaux sociaux